|
|
|
|
| LEADER |
01042nam a22002417a 4500 |
| 001 |
38021 |
| 003 |
BD-DhAAL |
| 008 |
220310t1971 nyu||||| |||| 00| 0 eng d |
| 999 |
|
|
|c 43729
|d 43729
|
| 020 |
|
|
|a 0671496174
|
| 040 |
|
|
|a BD-DhAAL
|
| 082 |
|
|
|a 811.50
|2 23
|
| 100 |
|
|
|a Frost, Robert,
|d 1874-1963.
|9 46709
|
| 245 |
|
|
|a Robert Frost's poems :
|b with an introduction and commentary /
|c Louis Untermeyer.
|
| 260 |
|
|
|a New York :
|b Pocket Books,
|c c1971.
|
| 300 |
|
|
|a 279 pages :
|b illustrations ;
|c 17 cm.
|
| 500 |
|
|
|a "The poems quoted in this volume are from Complete poems of Robert Frost and In the Clearing by Robert Frost"--T.p. verso.
|
| 541 |
|
|
|a Donated By Akbar Ali Khan
|e 38021
|
| 651 |
|
|
|a American poetry
|y 20th century.
|9 46710
|
| 700 |
|
|
|a Untermeyer, Louis,
|d 1885-1977.
|9 46711
|
| 852 |
|
|
|a Ayesha Abed Library
|c Akbar Ali Khan Collection
|
| 942 |
|
|
|2 ddc
|c BK
|
| 952 |
|
|
|0 0
|1 0
|2 ddc
|4 0
|6 811_500000000000000_FRO
|7 1
|9 70076
|a BRACUL
|b BRACUL
|c AAKC
|d 2022-03-10
|e Donated by Akbar Ali Khan
|l 0
|o 811.50 FRO
|p 3010038021
|r 2022-03-10
|t 1
|w 2022-03-10
|y BK
|